Interpretación y traducción de América en el Diario de navegación de Cristóbal Colón /

সংরক্ষণ করুন:
গ্রন্থ-পঞ্জীর বিবরন
প্রধান লেখক: Umaña Chaverri, José Otilio
বিন্যাস: অজ্ঞাত
বিষয়গুলি:
ট্যাগগুলো: ট্যাগ যুক্ত করুন
কোনো ট্যাগ নেই, প্রথমজন হিসাবে ট্যাগ করুন!

MARC

LEADER 000000000a22000000004500
001 005732
100 1 |a Umaña Chaverri, José Otilio 
245 1 0 |a Interpretación y traducción de América en el Diario de navegación de Cristóbal Colón /   |c José Otilio Umaña Chaverri. 
310 |a Semestral 
650 4 |a CRISTÓBAL COLÓN 
650 4 |a LENGUAJE COLOMBINO 
650 4 |a ESCRITURA COLOMBIANA 
650 4 |a ENCUENTRO DE LAS CULTURAS 
650 4 |a AMÉRICA 
650 4 |a HISTORIA 
650 4 |a DIARIO DE NAVEGACIÓN 
650 4 |a ANÁLISIS INTERPRETATIVO 
773 0 |d Heredia, Costa Rica : Editorial de la Universidad Nacional  |t Letras  |g número 25-26 (1990-1991), páginas 107-120 
942 |c ARC 
999 |c 12486  |d 12486